Suomen puolustusvoimien sotilasarvot - Statistics

Yleistilastot
  • Tätä visaa on pelattu 106 kertaa
  • Keskiarvotulos 10 / 16
Vastaustilastot
Kuvavisa Vastaus % Oikein
Alikersantti
89%
Kersantti
87%
Kenraali
85%
Ylikersantti
82%
Sotamies
71%
Majuri
67%
Korpraali
65%
Vääpeli
65%
Vänrikki
62%
Luutnantti
60%
Kapteeni
58%
Yliluutnantti
53%
Ylivääpeli
51%
Kenraalimajuri
47%
Eversti
45%
Upseerikokelas
33%
Ehtoja vastaavia visoja ei löytynyt
Tulosjakauma
Jokaisen tuloksen saaneiden osuus
Persentiili vastausten määrän mukaan
Tuloshistoriasi
Et ole pelannut tätä visaa